La sociologia como ciencia (fotocopia) /

Guardado en:
Formato: Libro
Publicado: : , 0
Materias:
Fc
Etiquetas: Agregar Etiqueta
Sin Etiquetas, Sea el primero en etiquetar este registro!
LEADER 00507nam a22001695a 4500
001 CEM.cems007717
005 20060214000000.0
008 130507b######################000#0#####d
003 CEMS
082 0 4 |a F301 
245 0 0 |a La sociologia como ciencia (fotocopia) / 
260 |a  :  |b , 0 
653 |a Fc 
653 |a Sociologia 
859 |a CEMS  |b BIB. CEMS - 11 de abril  |h F301  |i 1  |p 57.44  |t Ej.1 
859 |a CEMS  |b BIB. CEMS - 11 de abril  |h F301  |i 1  |p 58.44  |t Ej.2 
859 |a CEMS  |b BIB. CEMS - 11 de abril  |h F301  |i 1  |p 59.44  |t Ej.3